Statistics for The Picard Quiz (Star Trek: The Next Generation)

Click here to take the quiz!

General Stats

  • This quiz has been taken 80 times
  • The average score is 13 of 25

Answer Stats

HintAnswer% Correct
Captain Picard's first name?Jean-Luc
99%
Actor portraying him?Patrick Stewart
99%
Number of starships commanded?3
96%
Organ he had replaced?Heart
93%
Race that assimilated Picard into their collective?The Borg
90%
Omnipotent being who served as an enduring nemesis?Q
89%
Favorite beverage?Earl Grey Tea
81%
Playwright whose works he adored?Shakespeare
75%
Crew member he admitted he was in love with in "Attractions"?Beverly Crusher
74%
Most common catchphrase? (with hand motion)Engage!
73%
Picard's name after assimilation?Locutus of Borg
67%
Race that forced Picard to abandon the Stargazer?Ferengi
53%
Offered a promotion as the head of what school?Starfleet Academy
49%
Nephew's name?Rene
44%
Years commanding the USS Stargazer?22
40%
Name of the private eye Picard liked to play on the Holodeck?Dixon Hill
37%
Brother's name?Robert
32%
Profession he almost entered instead of Starfleet?Archaeology
30%
Last line in the finale?The sky's the limit
27%
Discovered this in "All Good Things" that allowed him to fix the damage done to time?A Paradox
11%
Father's first name?Maurice
11%
His name as a member of the Ressik community?Kamin
10%
First ship assigned to after the Academy?USS Reliant
8%
Mother's first name?Yvette
8%
Hearing disorder he was diagnosed with as a child?Shalaft's Syndrome
0%

Score Distribution

Percentile by Number Answered

Percent of People with Each Score

Your Score History

You have not taken this quiz